The ethics of educational research (Record no. 7360)
[ view plain ]
| 000 -LEADER | |
|---|---|
| fixed length control field | 00667 a2200181 4500 |
| 020 ## - INTERNATIONAL STANDARD BOOK NUMBER | |
| International Standard Book Number | 0631231676 |
| 040 ## - CATALOGING SOURCE | |
| Original cataloging agency | Library of Congress |
| Language of cataloging | English |
| 082 04 - DEWEY DECIMAL CLASSIFICATION NUMBER | |
| Classification number | 378.170281 |
| 245 04 - TITLE STATEMENT | |
| Title | The ethics of educational research |
| Statement of responsibility, etc. | edited by Mike McNamee and David Bridges. |
| 260 ## - PUBLICATION, DISTRIBUTION, ETC. | |
| Place of publication, distribution, etc. | Oxford ; |
| -- | Malden, MA : |
| Name of publisher, distributor, etc. | Blackwell, |
| Date of publication, distribution, etc. | 2002. |
| 300 ## - PHYSICAL DESCRIPTION | |
| Extent | vii, 267 p. ; |
| Dimensions | 23 cm. |
| 500 ## - GENERAL NOTE | |
| General note | Originally issued as a special issue of Journal of philosophy of education, 2001. |
| 650 #0 - SUBJECT ADDED ENTRY--TOPICAL TERM | |
| Topical term or geographic name entry element | Education |
| General subdivision | Research |
| -- | Moral and ethical aspects. |
| 700 1# - ADDED ENTRY--PERSONAL NAME | |
| Personal name | McNamee, M. J. |
| 700 1# - ADDED ENTRY--PERSONAL NAME | |
| Personal name | Bridges, David, |
| Dates associated with a name | 1941- |
| 740 0# - ADDED ENTRY--UNCONTROLLED RELATED/ANALYTICAL TITLE | |
| Uncontrolled related/analytical title | Journal of philosophy of education. |
| 942 ## - ADDED ENTRY ELEMENTS (KOHA) | |
| Koha item type | Book |
| Call number prefix | 378.170281 MCN |
| Source of classification or shelving scheme | |
| Withdrawn status | Lost status | Damaged status | Not for loan | Collection code | Permanent Location | Current Location | Shelving location | Date acquired | Source of acquisition | Cost, normal purchase price | Total Checkouts | Full call number | Barcode | Date last seen | Price effective from | Koha item type |
|---|---|---|---|---|---|---|---|---|---|---|---|---|---|---|---|---|
| Central Library (CL) | Central Library (CL) | General Stacks | 02/27/2003 | Allied Book Company | 1490.77 | 378.170281 MCN | SEECS003150 | 11/14/2012 | 01/05/2017 | Book |
